000 00786nam a2200277 a 4500
999 _c9007
_d9007
001 9007
003 BD-JhCC
005 20180925170559.0
008 180307s1950 enka 001 0 eng d
035 _a(BD-JhCC)9007
035 _a(OCoLC)10541924
040 _aBD-JhCC
_cMnU
_dUk
_dBD-JhCC
041 _aeng
050 0 0 _aQC161
_b.C68
082 _a533
_bCOW 1960
100 1 _aCowling, T. G.
_q(Thomas George)
245 1 0 _aMolecules in motion.
260 _aLondon,
_aNew York,
_bNew York,
_bHutchinson's University Library,
_c1950.
300 _a183 p.
_bdiagrs.
_c19 cm.
490 0 _aHutchinson's university library: Mathematical and physical sciencs,
_vno. 44
504 _aIncludes Index
650 0 _aGases.
650 0 _aMolecules.
942 _2ddc
_cBK